000 01085nas a2200337 4500
001 BR2015005746
003 BR-BrBNA
005 20231205125810.0
007 ta
008 230509b bl.|||p| |||| 00| 00por d
040 _aBR-BrBNA
_bpor
_cBiblioteca Nacional de Agricultura
041 _a(Pt)
072 _aQ70; K50
100 1 _aChristoforo, A.L.
100 1 _aSilva, S.A.M. da
100 1 _aBarbosa, J.C.
100 1 _aRibeiro Filho, S.L.M.
100 1 _aPanzera, T.H.
100 1 _aLahr, F.A.R.
245 1 _aProdução de chapas de partículas com resíduos de madeira Cordia goeldiana
246 1 _aParticleboards manufactured with Cordia goeldiana wood wastes
650 _aMADEIRA
650 _aRESINA
650 _aRESIDUO
650 _aPROPRIEDADE FISICO-QUIMICA
650 _aANALISE
773 0 _tEngenharia Agrícola (Brazil)
_xISSN 1809-4430
_g(Mar-Apr 2015), v. 35(2) p. 368-377
_wBR2015005746
856 4 0 _uhttp://www.scielo.br/pdf/eagri/v35n2/1809-4430-eagri-35-2-0368.pdf
909 _a202311
_bLúcia
_c55
_dLúcia Elande
942 _2AGRIS
_n0
_cANA
999 _c246204
_d246204